000 00604cam a22002171 4500
001 sa 64004832
003 DLC
005 20260227112028.0
008 830518s1961 ii 000 0 eng
010 _asa 64004832
035 _a(OCoLC)16763173
040 _aDLC
_cOrPS
_dDLC
042 _apremarc
043 _aa-ii---
050 0 0 _aHC437.A73
_bA53
110 1 _aAndhra Pradesh (India).
_bPlanning and Local Administration Department.
245 1 0 _aThird five-year plan.
260 _aHyderabad
_c[1961]
300 _aii, ii, 427 p.
_c25 cm.
651 0 _aAndhra Pradesh (India)
_xEconomic policy.
999 _c58777
_d58777